000 00400nam a2200169Ia 4500
003 GCL
008 140319s9999 xx 000 0 eng d
040 _aGCL /
_cGCL
082 0 4 _a708
_bM M
100 1 _aMALRAUX, ANDRE
245 1 0 _aLE MUSEE IMAGINAIRE /
_cMALRAUX, ANDRE
260 _a[S.N] :
_bGALLIMARD ،
_c1965
300 _a251 P
650 0 4 _aMUSEUMS
650 0 4 _aARTS
942 _2ddc
_cBK
999 _c19574
_d19574